000 00406nam a22001697a 4500
003 SGT
020 _a9789391208073
082 _a612
_bF23K
100 _aKRISHNA, A.P.
245 _aFUNDAMENTAL OF MEDICAL PHYSIOLOGY
250 _a1ST
260 _aINDIA
_bINNOVATIVE PUB
_c2023
300 _a596
650 _aHUMAN PHYSIOLOGY
653 _aFUNDAMENTAL OF MEDICAL PHYSIOLOGY
942 _2ddc
_cBK
_028
999 _c25263
_d25263